00328pab a2200121 454500008004000000100001600040245006100056260000900117300001600126362001100142650001900153773003400172180718b2003 xxu||||| |||| 00| 0 eng d aKapor, S.D. aB R Ambedkar, W E B DuBois and the process of liberation c2003 ap.5344-349. a27 Dec aAmbedkar, B.R. aEconomic and Political Weekly